000 00448nam a22001457a 4500
082 _a004
100 _aAbbas, Shabnam
245 _aUrdu OCR for News Channel's Tickers /
_cShabnam Abbas
260 _aIslamabad :
_bMCS - NUST,
_c2013.
300 _a60 p. ;
_c30cm.
650 _aComputer Software Engineering-MS-Thesis
_916105
700 _aDr. Naveed Iqbal Rao
_935093
942 _2ddc
_cTHE
999 _c540899
_d540899